000 00783nab a2200241 u 4500
001 21362
003 HDC
007 cr bn ---aaaaa
008 210308c |r|noo 0 a d
040 _aHDC
245 0 _aREJECTION OF VACCINES FAN FEARS OF DISEASE SURGE IN M'SIA
260 _a[No place] :
_b[publisher not identified],
_c2016
336 _atext
_2rdacontent
337 _acomputer
_2rdamedia
338 _aonline resource
_2rdacarrier
650 _aImmunisation
_918044
650 _aVaccine
_95446
710 _aMSN MALAYSIA
856 _zRequest full-text at [email protected]
942 _2lcc
942 _cNEWS
942 _kNWSO 010188
999 _c18678
_d18678